000 00630cab a2200217 4500
001 ABS42757
008 090401t1990 xxu||||| |||| 00| 0 eng d
035 _a(Sirsi) u38725
041 _aeng
100 _aFroggatt, A.
245 _aJapanese investment in European property
260 _c1990
350 _a0
490 _aWorld Property
_vMay 1990, 25-27(3)
520 _aPredicts, that despite Japan `s present political and social problems, its investment in Europe an property will continue to grow.
650 _aMARKET
690 _aOVERSEAS-EUROPE
700 _aOliver, T.
942 _n0
948 _c04/03/1997
999 _c24872
_d24872